| LEADER | 01577nam a2200265 i 4500 | ||
|---|---|---|---|
| 001 | GR-MES2443 | ||
| 003 | GR-PaULI | ||
| 005 | 20250314141448.0 | ||
| 008 | 991111s1986 gr a g 000 0 gre d | ||
| 040 | |a GrPaTEI |b gre |c GR-PaULI |e AACR2 | ||
| 082 | 0 | 4 | |2 23 |a 631.62 |
| 100 | 1 | |a Τερζίδης, Γεώργιος Α. |e συγγραφέας. |9 23009 | |
| 245 | 1 | 0 | |a Στραγγίσεις γεωργικών εδαφών / |c Γ. Α. Τερζίδης, Δ. Ν. Καραμούζης. |
| 260 | |a Θεσσαλονίκη : |b Ζήτη, |c 1986. | ||
| 300 | |a 359 σ. : |b εικ. ; |c 24 εκ. | ||
| 504 | |a Περιλαμβάνει βιβλιογραφία. | ||
| 650 | 4 | |a Στράγγιση |9 204981 | |
| 650 | 3 | |a Άρδευση |9 28813 | |
| 700 | 1 | |a Καραμούζης, Διαμαντής Ν. |e συγγραφέας. |9 138403 | |
| 942 | |2 ddc |c BK | ||
| 952 | |0 0 |1 0 |2 ddc |4 0 |6 631_620000000000000_ΤΕΡ |7 0 |9 266832 |a MSLG |b MSLG |c BSC |d 2021-01-17 |e 24 |f 0 |g 0.00 |i 6161 |l 0 |o 631.62 ΤΕΡ |p 2420000006161 |r 2021-01-17 00:00:00 |t 1 |w 2021-01-17 |y BK15 |x 19991111 0 1 |x GrPaTEI | ||
| 952 | |0 0 |1 0 |2 ddc |4 0 |6 631_620000000000000_ΤΕΡ |7 0 |9 266833 |a MSLG |b MSLG |c BSC |d 2021-01-17 |e 24 |f 0 |g 0.00 |i 14000 |l 0 |o 631.62 ΤΕΡ |p 2420000014000 |r 2021-01-17 00:00:00 |t 2 |w 2021-01-17 |y BK15 |x 19991111 0 1 |x GrPaTEI | ||
| 952 | |0 0 |1 0 |2 ddc |4 0 |6 631_620000000000000_ΤΕΡ |7 0 |9 277265 |a MSLG |b MSLG |c BSC |d 2021-01-17 |e 24 |f 0 |g 0.00 |i 18937 |l 0 |o 631.62 ΤΕΡ |p 2420000018937 |r 2021-01-17 00:00:00 |t 3 |v 2021.00 |w 2021-01-17 |y BK15 |x Μεταφορά από Αμαλιάδα (18/10/22) |x GrPaTEI | ||
| 998 | |c ΒΑΣΙΛΕΙΟΥ |d 2024-07 | ||
| 999 | |c 153548 |d 153548 | ||